Relatorio, propostas de lei e documentos apresentados á Camara dos senhores deputados pelo ministro e secretario d'Estado dos Negocios da Fazenda, na sessao que teve principio em 31 de março de 1870 / (Record no. 192587)

MARC details
000 -LEADER
campo de control de longitud fija 00805nam a2200193 i 4500
001 - NÚMERO DE CONTROL
campo de control 192587
003 - IDENTIFICADOR DE NÚMERO DE CONTROL
campo de control ES-MaACL
005 - FECHA Y HORA DE LA ÚLTIMA TRANSACCIÓN
campo de control 20250630203800.0
008 - DATOS DE LONGITUD FIJA--INFORMACIÓN GENERAL
campo de control de longitud fija 230206s1870 po 000 0 por d
080 ## - NÚMERO DE LA CLASIFICACIÓN DECIMAL UNIVERSAL
Número de la Clasificación Decimal Universal 336.1/.5(469)"18"
245 00 - MENCIÓN DEL TÍTULO
Título Relatorio, propostas de lei e documentos apresentados á Camara dos senhores deputados pelo ministro e secretario d'Estado dos Negocios da Fazenda, na sessao que teve principio em 31 de março de 1870 /
Mención de responsabilidad, etc. [Anselmo José Braamcamp].
260 ## - PUBLICACIÓN, DISTRIBUCIÓN, ETC.
Lugar de publicación, distribución, etc. Lisboa :
Nombre del editor, distribuidor, etc. [s.n.],
Fecha de publicación, distribución, etc. 1870 (
Fabricante Imp. Nacional)
300 ## - DESCRIPCIÓN FÍSICA
Extensión 67 p. ;
Dimensiones 29 cm.
594 ## - Nota al título y mención de responsabilidad
Nota al título y mención de responsabilidad Autor tomado del texto
650 #4 - PUNTO DE ACCESO ADICIONAL DE MATERIA--TÉRMINO DE MATERIA
Término de materia o nombre geográfico como elemento de entrada Hacienda pública-
Subdivisión geográfica Portugal.
9 (RLIN) 168381
700 1# - ENTRADA AGREGADA--NOMBRE PERSONAL
Nombre de persona Braamcamp, Anselmo José,
Fechas asociadas al nombre 1817-1885
9 (RLIN) 176373
852 4# - LOCALIZACIÓN
Ubicación ES-MaACL
Número de control de estantería T-127-F-4
Nota libre - Enc. en un vol. facticio
Holdings
Estatus retirado Estado de pérdida Estado de daño No para préstamo Colección Biblioteca de origen Biblioteca actual Ubicación en estantería Fecha de adquisición Fuente de adquisición Total de préstamos Signatura topográfica completa Código de barras Visto por última vez Precio de reemplazo Tipo de ítem Koha
        Colección de folletos Biblioteca del Ateneo de Madrid Biblioteca del Ateneo de Madrid Depósito folletos 06/02/2023     T-127-F-4 1205183 23/02/2023 23/02/2023 Folleto